[Event "IM/GM Round-Robin"]
[Site "Heerlen and Maastricht"]
[Date "2024.05.15"]
[Round "1"]
[White "Pham, Khoi"]
[Black "Van Meegen, Ruud"]
[Result "1/2-1/2"]
[Board "4"]
[WhiteFideId "1054988"]
[BlackFideId "1034995"]
[WhiteTitle "FM"]
[BlackTitle "FM"]
[WhiteElo "2399"]
[BlackElo "2291"]
[WhiteTeam "NED"]
[BlackTeam "NED"]
[WhiteClock "1:17:39"]
[BlackClock "0:51:50"]
[Variant "Standard"]

1. e4 {[%clk 2:00:21]}  c6 {[%clk 2:00:23]} 2. d4 {[%clk 2:00:28]}  d5 {[%clk 2:00:30]} 3. e5 {[%clk 2:00:20]}  c5 {[%clk 2:00:23]} 4. c3 {[%clk 2:00:09]}  Nc6 {[%clk 2:00:04]} 5. Be2 {[%clk 2:00:09]}  Bf5 {[%clk 1:55:19]} 6. Nf3 {[%clk 1:59:56]}  e6 {[%clk 1:55:15]} 7. O-O {[%clk 2:00:02]}  h6 {[%clk 1:43:26]} 8. Be3 {[%clk 1:57:25]}  cxd4 {[%clk 1:43:09]} 9. Nxd4 {[%clk 1:57:06]}  Nge7 {[%clk 1:39:48]} 10. Bb5 {[%clk 1:55:02]}  Bxb1 {[%clk 1:25:46]} 11. Rxb1 {[%clk 1:54:57]}  a6 {[%clk 1:25:55]} 12. Ba4 {[%clk 1:52:47]}  b5 {[%clk 1:24:07]} 13. Bc2 {[%clk 1:52:20]}  Nxd4 {[%clk 1:22:01]} 14. cxd4 {[%clk 1:51:22]}  Nf5 {[%clk 1:11:25]} 15. Bxf5 {[%clk 1:32:49]}  exf5 {[%clk 1:11:21]} 16. Qc2 {[%clk 1:32:09]}  Qd7 {[%clk 1:05:11]} 17. Rbc1 {[%clk 1:31:32]}  Be7 {[%clk 1:04:58]} 18. Qc7 {[%clk 1:30:00]}  Bd8 {[%clk 0:52:32]} 19. Qxd7+ {[%clk 1:29:27]}  Kxd7 {[%clk 0:52:40]} 20. Rc5 {[%clk 1:29:36]}  Be7 {[%clk 0:52:13]} 21. Rc3 {[%clk 1:17:39]}  Rhc8 {[%clk 0:51:50]} 1/2-1/2

[Event "IM/GM Round-Robin"]
[Site "Heerlen and Maastricht"]
[Date "2024.05.15"]
[Round "1"]
[White "Feuerstack, Aljoscha"]
[Black "De Winter, Arthur"]
[Result "0-1"]
[Board "5"]
[WhiteFideId "4681932"]
[BlackFideId "1069020"]
[WhiteTitle "IM"]
[BlackTitle "IM"]
[WhiteElo "2487"]
[BlackElo "2407"]
[WhiteTeam "GER"]
[BlackTeam "NED"]
[WhiteClock "0:07:26"]
[BlackClock "0:17:29"]
[Variant "Standard"]

1. d4 {[%clk 2:00:27]}  d5 {[%clk 2:00:05]} 2. c4 {[%clk 2:00:37]}  e6 {[%clk 2:00:11]} 3. Nf3 {[%clk 2:00:44]}  Nf6 {[%clk 2:00:01]} 4. g3 {[%clk 2:00:47]}  h6 {[%clk 1:59:37]} 5. Bg2 {[%clk 2:00:48]}  Bd6 {[%clk 1:59:42]} 6. Nc3 {[%clk 1:57:39]}  O-O {[%clk 1:59:19]} 7. Bf4 {[%clk 1:53:19]}  dxc4 {[%clk 1:48:09]} 8. Ne5 {[%clk 1:39:10]}  Nd5 {[%clk 1:36:10]} 9. Qd2 {[%clk 1:37:09]}  Bxe5 {[%clk 1:20:57]} 10. dxe5 {[%clk 1:34:51]}  Bd7 {[%clk 1:09:57]} 11. Bxh6 {[%clk 0:54:44]}  Nxc3 {[%clk 0:59:29]} 12. Bg5 {[%clk 0:48:17]}  f6 {[%clk 0:59:10]} 13. exf6 {[%clk 0:42:49]}  gxf6 {[%clk 0:59:11]} 14. Bxb7 {[%clk 0:42:05]}  fxg5 {[%clk 0:49:33]} 15. Bxa8 {[%clk 0:33:07]}  Nb5 {[%clk 0:47:31]} 16. a4 {[%clk 0:24:03]}  Nd6 {[%clk 0:46:29]} 17. h4 {[%clk 0:24:05]}  Qf6 {[%clk 0:35:38]} 18. Qxg5+ {[%clk 0:21:56]}  Qxg5 {[%clk 0:35:13]} 19. hxg5 {[%clk 0:22:06]}  Na6 {[%clk 0:34:04]} 20. Bg2 {[%clk 0:21:02]}  Rb8 {[%clk 0:33:16]} 21. f4 {[%clk 0:17:28]}  Rxb2 {[%clk 0:31:40]} 22. g6 {[%clk 0:15:46]}  Be8 {[%clk 0:29:05]} 23. Rh5 {[%clk 0:13:55]}  Bxg6 {[%clk 0:27:22]} 24. Re5 {[%clk 0:13:56]}  Nb4 {[%clk 0:23:20]} 25. Rc1 {[%clk 0:12:05]}  Na2 {[%clk 0:21:07]} 26. Ra1 {[%clk 0:12:08]}  c3 {[%clk 0:19:15]} 27. Rxe6 {[%clk 0:08:08]}  c2 {[%clk 0:17:28]} 28. Rxg6+ {[%clk 0:07:26]}  Kf8 {[%clk 0:17:29]} 0-1

[Event "IM/GM Round-Robin"]
[Site "Heerlen and Maastricht"]
[Date "2024.05.16"]
[Round "2"]
[White "Lodici, Lorenzo"]
[Black "De Winter, Arthur"]
[Result "1/2-1/2"]
[Board "1"]
[WhiteFideId "884189"]
[BlackFideId "1069020"]
[WhiteTitle "GM"]
[BlackTitle "IM"]
[WhiteElo "2563"]
[BlackElo "2407"]
[WhiteTeam "ITA"]
[BlackTeam "NED"]
[WhiteClock "0:28:35"]
[BlackClock "0:00:36"]
[Variant "Standard"]

1. Nf3 {[%clk 1:53:14]}  d5 {[%clk 1:59:38]} 2. g3 {[%clk 1:53:25]}  c5 {[%clk 1:59:17]} 3. Bg2 {[%clk 1:53:34]}  Nf6 {[%clk 1:59:26]} 4. O-O {[%clk 1:52:57]}  e6 {[%clk 1:59:38]} 5. b3 {[%clk 1:51:53]}  Be7 {[%clk 1:48:36]} 6. Bb2 {[%clk 1:51:47]}  O-O {[%clk 1:46:28]} 7. c4 {[%clk 1:51:34]}  b6 {[%clk 1:32:51]} 8. cxd5 {[%clk 1:45:35]}  exd5 {[%clk 1:30:45]} 9. d4 {[%clk 1:45:45]}  Nc6 {[%clk 1:30:19]} 10. Nc3 {[%clk 1:41:01]}  Re8 {[%clk 1:21:55]} 11. Rc1 {[%clk 1:39:10]}  Ba6 {[%clk 1:16:50]} 12. Re1 {[%clk 1:37:21]}  Rc8 {[%clk 1:14:16]} 13. a3 {[%clk 1:32:31]}  Bf8 {[%clk 1:07:21]} 14. dxc5 {[%clk 1:25:55]}  d4 {[%clk 0:55:08]} 15. Nb1 {[%clk 1:25:23]}  bxc5 {[%clk 0:54:51]} 16. Nbd2 {[%clk 1:25:31]}  Qb6 {[%clk 0:49:58]} 17. Ba1 {[%clk 1:20:16]}  Rb8 {[%clk 0:44:09]} 18. Bf1 {[%clk 1:17:13]}  Ng4 {[%clk 0:42:10]} 19. Qc2 {[%clk 1:09:13]}  Nce5 {[%clk 0:33:13]} 20. Nxe5 {[%clk 1:04:20]}  Nxe5 {[%clk 0:31:56]} 21. Rb1 {[%clk 0:58:22]}  Qh6 {[%clk 0:26:39]} 22. Qc1 {[%clk 0:49:56]}  Bb7 {[%clk 0:13:23]} 23. Bg2 {[%clk 0:46:12]}  Ng4 {[%clk 0:10:51]} 24. Nf3 {[%clk 0:44:18]}  Qxc1 {[%clk 0:10:41]} 25. Rbxc1 {[%clk 0:44:28]}  Ba6 {[%clk 0:10:26]} 26. h3 {[%clk 0:39:43]}  Nf6 {[%clk 0:10:11]} 27. b4 {[%clk 0:39:54]}  cxb4 {[%clk 0:08:30]} 28. Nxd4 {[%clk 0:39:48]}  bxa3 {[%clk 0:08:37]} 29. Nc6 {[%clk 0:38:47]}  Rb3 {[%clk 0:08:05]} 30. e4 {[%clk 0:38:10]}  a2 {[%clk 0:04:55]} 31. e5 {[%clk 0:38:13]}  Bd3 {[%clk 0:04:40]} 32. Bf1 {[%clk 0:30:48]}  Bxf1 {[%clk 0:03:34]} 33. Kxf1 {[%clk 0:30:43]}  Nd5 {[%clk 0:03:33]} 34. Rc2 {[%clk 0:30:57]}  Rc8 {[%clk 0:01:52]} 35. Ke2 {[%clk 0:30:26]}  Nc3+ {[%clk 0:00:44]} 36. Rxc3 {[%clk 0:30:21]}  Rxc3 {[%clk 0:00:56]} 37. Bxc3 {[%clk 0:30:31]}  Rxc6 {[%clk 0:01:10]} 38. Kd3 {[%clk 0:30:11]}  Bc5 {[%clk 0:01:17]} 39. f4 {[%clk 0:29:21]}  Bf2 {[%clk 0:00:54]} 40. Ra1 {[%clk 0:29:35]}  Bxg3 {[%clk 0:00:53]} 41. Rxa2 {[%clk 0:29:49]}  Bxf4 {[%clk 0:00:46]} 42. Ra4 {[%clk 0:29:49]}  a6 {[%clk 0:00:46]} 43. Rxa6 {[%clk 0:30:02]}  h6 {[%clk 0:00:31]} 44. Ra7 {[%clk 0:30:10]}  Re6 {[%clk 0:00:26]} 45. Bd4 {[%clk 0:29:54]}  Kh7 {[%clk 0:00:21]} 46. Ra5 {[%clk 0:30:03]}  Bg5 {[%clk 0:00:25]} 47. Ke4 {[%clk 0:29:19]}  g6 {[%clk 0:00:31]} 48. Ra7 {[%clk 0:29:38]}  Kg7 {[%clk 0:00:24]} 49. Rb7 {[%clk 0:29:16]}  Be7 {[%clk 0:00:19]} 50. Rb8 {[%clk 0:28:47]}  Ba3 {[%clk 0:00:20]} 51. Rb7 {[%clk 0:28:06]}  Be7 {[%clk 0:00:21]} 52. Ra7 {[%clk 0:27:55]}  Bg5 {[%clk 0:00:22]} 53. Rb7 {[%clk 0:28:05]}  h5 {[%clk 0:00:21]} 54. Ra7 {[%clk 0:28:09]}  Be7 {[%clk 0:00:21]} 55. Rb7 {[%clk 0:28:18]}  Kg8 {[%clk 0:00:20]} 56. Rb8+ {[%clk 0:28:27]}  Kg7 {[%clk 0:00:32]} 57. Rb7 {[%clk 0:28:38]}  Kh6 {[%clk 0:00:32]} 58. Be3+ {[%clk 0:28:51]}  Kg7 {[%clk 0:00:36]} 59. Bd4 {[%clk 0:28:35]} 1/2-1/2

[Event "IM/GM Round-Robin"]
[Site "Heerlen and Maastricht"]
[Date "2024.05.16"]
[Round "2"]
[White "Van Meegen, Ruud"]
[Black "Feuerstack, Aljoscha"]
[Result "1/2-1/2"]
[Board "2"]
[WhiteFideId "1034995"]
[BlackFideId "4681932"]
[WhiteTitle "FM"]
[BlackTitle "IM"]
[WhiteElo "2291"]
[BlackElo "2487"]
[WhiteTeam "NED"]
[BlackTeam "GER"]
[WhiteClock "0:01:22"]
[BlackClock "0:00:18"]
[Variant "Standard"]

1. Nf3 {[%clk 2:00:26]}  c5 {[%clk 2:00:23]} 2. c4 {[%clk 1:59:50]}  Nf6 {[%clk 2:00:12]} 3. Nc3 {[%clk 1:59:24]}  e6 {[%clk 1:59:50]} 4. g3 {[%clk 1:58:50]}  b6 {[%clk 1:59:44]} 5. Bg2 {[%clk 1:58:52]}  Bb7 {[%clk 1:59:52]} 6. O-O {[%clk 1:58:50]}  Be7 {[%clk 1:59:58]} 7. d4 {[%clk 1:57:07]}  cxd4 {[%clk 2:00:05]} 8. Qxd4 {[%clk 1:56:24]}  O-O {[%clk 1:59:32]} 9. b3 {[%clk 1:53:06]}  d6 {[%clk 1:58:35]} 10. Bb2 {[%clk 1:49:19]}  Nbd7 {[%clk 1:57:55]} 11. Rad1 {[%clk 1:47:57]}  a6 {[%clk 1:56:51]} 12. Qf4 {[%clk 1:38:36]}  Qc7 {[%clk 1:56:10]} 13. Rfe1 {[%clk 1:36:58]}  Rac8 {[%clk 1:54:32]} 14. e4 {[%clk 1:35:11]}  Ne5 {[%clk 1:43:30]} 15. Qd2 {[%clk 1:24:17]}  Rfd8 {[%clk 1:41:02]} 16. Nd4 {[%clk 1:23:48]}  h5 {[%clk 1:35:25]} 17. Qe2 {[%clk 1:13:40]}  Ng6 {[%clk 1:29:31]} 18. Bh3 {[%clk 1:10:05]}  Nf8 {[%clk 1:14:35]} 19. f4 {[%clk 1:09:00]}  b5 {[%clk 1:14:35]} 20. cxb5 {[%clk 1:09:00]}  axb5 {[%clk 1:14:35]} 21. Qxb5 {[%clk 1:09:00]}  d5 {[%clk 1:14:35]} 22. e5 {[%clk 1:09:00]}  Ne4 {[%clk 1:14:35]} 23. Nxe4 {[%clk 1:09:00]}  dxe4 {[%clk 1:14:35]} 24. Bg2 {[%clk 1:09:00]}  Bc5 {[%clk 1:14:35]} 25. Kh1 {[%clk 1:09:00]}  h4 {[%clk 1:14:35]} 26. b4 {[%clk 1:09:00]}  Bxd4 {[%clk 1:14:35]} 27. Bxd4 {[%clk 1:09:00]}  h3 {[%clk 1:14:35]} 28. Bxh3 {[%clk 1:09:00]}  e3+ {[%clk 1:14:35]} 29. Kg1 {[%clk 1:09:00]}  Bf3 {[%clk 0:06:00]} 30. Rd3 {[%clk 0:12:41]}  Rxd4 {[%clk 0:06:00]} 31. Rxd4 {[%clk 0:12:41]}  Qc3 {[%clk 0:06:00]} 32. Qf1 {[%clk 0:12:41]}  Qxd4 {[%clk 0:06:00]} 33. Qxf3 {[%clk 0:12:41]}  Rc3 {[%clk 0:06:00]} 34. f5 {[%clk 0:12:41]}  exf5 {[%clk 0:06:00]} 35. Bxf5 {[%clk 0:12:41]}  g6 {[%clk 0:06:00]} 36. Bh3 {[%clk 0:12:41]}  Qxe5 {[%clk 0:00:18]} 37. Qf4 {[%clk 0:01:22]}  Qe7 {[%clk 0:00:18]} 38. Bg4 {[%clk 0:01:22]}  Nh7 {[%clk 0:00:18]} 39. b5 {[%clk 0:01:22]}  Ng5 {[%clk 0:00:18]} 40. Qd4 {[%clk 0:01:22]}  Ra3 {[%clk 0:00:18]} 41. b6 {[%clk 0:01:22]}  f5 {[%clk 0:00:18]} 42. b7 {[%clk 0:01:22]}  Qxb7 {[%clk 0:00:18]} 43. Qd8+ {[%clk 0:01:22]}  Kg7 {[%clk 0:00:18]} 44. Qxg5 {[%clk 0:01:22]}  fxg4 {[%clk 0:00:18]} 45. Qe5+ {[%clk 0:01:22]}  Kh7 {[%clk 0:00:18]} 46. Rxe3 {[%clk 0:01:22]}  Rxe3 {[%clk 0:00:18]} 47. Qxe3 {[%clk 0:01:22]}  Qb1+ {[%clk 0:00:18]} 48. Kf2 {[%clk 0:01:22]}  Qxa2+ {[%clk 0:00:18]} 49. Qe2 {[%clk 0:01:22]}  Qf7+ {[%clk 0:00:18]} 50. Kg1 {[%clk 0:01:22]}  Qa7+ {[%clk 0:00:18]} 51. Kg2 {[%clk 0:01:22]}  Qb7+ {[%clk 0:00:18]} 52. Kg1 {[%clk 0:01:22]}  Qa7+ {[%clk 0:00:18]} 1/2-1/2

[Event "IM/GM Round-Robin"]
[Site "Heerlen and Maastricht"]
[Date "2024.05.16"]
[Round "2"]
[White "Fier, Alexandr"]
[Black "Pham, Khoi"]
[Result "1-0"]
[Board "3"]
[WhiteFideId "2107139"]
[BlackFideId "1054988"]
[WhiteTitle "GM"]
[BlackTitle "FM"]
[WhiteElo "2574"]
[BlackElo "2399"]
[WhiteTeam "BRA"]
[BlackTeam "NED"]
[WhiteClock "1:12:51"]
[BlackClock "0:03:50"]
[Variant "Standard"]

1. c4 {[%clk 2:00:25]}  Nf6 {[%clk 1:59:27]} 2. Nc3 {[%clk 2:00:34]}  g6 {[%clk 1:58:18]} 3. d4 {[%clk 2:00:45]}  Bg7 {[%clk 1:58:07]} 4. e4 {[%clk 2:00:54]}  d6 {[%clk 1:58:16]} 5. Be2 {[%clk 2:01:06]}  O-O {[%clk 1:58:05]} 6. Nf3 {[%clk 2:01:18]}  e5 {[%clk 1:57:22]} 7. O-O {[%clk 2:01:26]}  b6 {[%clk 1:55:44]} 8. dxe5 {[%clk 1:55:54]}  dxe5 {[%clk 1:55:45]} 9. Be3 {[%clk 1:54:22]}  Qe7 {[%clk 1:42:25]} 10. Qc2 {[%clk 1:52:32]}  Bb7 {[%clk 1:38:31]} 11. Rfd1 {[%clk 1:51:41]}  Nbd7 {[%clk 1:35:18]} 12. Nd5 {[%clk 1:51:44]}  Nxd5 {[%clk 1:34:53]} 13. cxd5 {[%clk 1:51:54]}  Nf6 {[%clk 1:23:57]} 14. Rac1 {[%clk 1:50:45]}  Rac8 {[%clk 1:21:46]} 15. Qa4 {[%clk 1:48:09]}  a6 {[%clk 1:07:57]} 16. Rc3 {[%clk 1:42:01]}  Ng4 {[%clk 0:58:12]} 17. Bg5 {[%clk 1:41:45]}  f6 {[%clk 0:57:17]} 18. Bc1 {[%clk 1:38:27]}  Nh6 {[%clk 0:49:51]} 19. Qc2 {[%clk 1:30:00]}  Nf7 {[%clk 0:47:35]} 20. Be3 {[%clk 1:30:09]}  Nd6 {[%clk 0:46:35]} 21. Rc1 {[%clk 1:29:56]}  Rf7 {[%clk 0:46:35]} 22. Nd2 {[%clk 1:29:17]}  f5 {[%clk 0:42:13]} 23. f3 {[%clk 1:29:28]}  Qf8 {[%clk 0:41:44]} 24. a4 {[%clk 1:25:15]}  Bh6 {[%clk 0:35:58]} 25. Bxh6 {[%clk 1:25:11]}  Qxh6 {[%clk 0:36:07]} 26. Nc4 {[%clk 1:25:25]}  Re8 {[%clk 0:35:40]} 27. Qd2 {[%clk 1:16:19]}  Qxd2 {[%clk 0:33:01]} 28. Nxd2 {[%clk 1:16:27]}  Ree7 {[%clk 0:33:06]} 29. b4 {[%clk 1:16:10]}  Kf8 {[%clk 0:30:37]} 30. a5 {[%clk 1:16:22]}  b5 {[%clk 0:27:34]} 31. Bd3 {[%clk 1:16:32]}  Ke8 {[%clk 0:20:30]} 32. Nb3 {[%clk 1:16:43]}  Kd8 {[%clk 0:20:17]} 33. Nc5 {[%clk 1:16:49]}  Kc8 {[%clk 0:20:11]} 34. Ne6 {[%clk 1:13:58]}  Kb8 {[%clk 0:19:53]} 35. Rc5 {[%clk 1:13:47]}  f4 {[%clk 0:17:54]} 36. Kf2 {[%clk 1:13:29]}  Ne8 {[%clk 0:15:06]} 37. Nd8 {[%clk 1:12:21]}  Rf6 {[%clk 0:15:06]} 38. Bxb5 {[%clk 1:12:10]}  axb5 {[%clk 0:04:27]} 39. Rxb5 {[%clk 1:12:20]}  Nd6 {[%clk 0:04:05]} 40. Nc6+ {[%clk 1:12:31]}  Ka8 {[%clk 0:04:12]} 41. Rxb7 {[%clk 1:12:40]}  Kxb7 {[%clk 0:03:50]} 42. Nxe7 {[%clk 1:12:51]} 1-0

[Event "IM/GM Round-Robin"]
[Site "Heerlen and Maastricht"]
[Date "2024.05.16"]
[Round "2"]
[White "Ernst, Sipke"]
[Black "Vandenbussche, Thibaut"]
[Result "0-1"]
[Board "4"]
[WhiteFideId "1004689"]
[BlackFideId "204412"]
[WhiteTitle "GM"]
[BlackTitle "IM"]
[WhiteElo "2528"]
[BlackElo "2424"]
[WhiteTeam "NED"]
[BlackTeam "BEL"]
[WhiteClock "0:01:35"]
[BlackClock "0:04:05"]
[Variant "Standard"]

1. d4 {[%clk 2:00:21]}  d5 {[%clk 2:00:25]} 2. c4 {[%clk 1:59:58]}  e6 {[%clk 2:00:38]} 3. Nc3 {[%clk 1:59:53]}  c5 {[%clk 2:00:23]} 4. cxd5 {[%clk 1:59:36]}  exd5 {[%clk 2:00:36]} 5. Nf3 {[%clk 1:59:43]}  Nc6 {[%clk 2:00:48]} 6. g3 {[%clk 1:59:48]}  Nf6 {[%clk 2:00:50]} 7. Bg2 {[%clk 1:59:52]}  Be7 {[%clk 2:01:00]} 8. O-O {[%clk 1:58:59]}  O-O {[%clk 2:01:11]} 9. dxc5 {[%clk 1:59:02]}  Bxc5 {[%clk 2:01:19]} 10. Na4 {[%clk 1:58:22]}  Be7 {[%clk 1:59:51]} 11. Be3 {[%clk 1:57:16]}  Re8 {[%clk 1:51:23]} 12. Nd4 {[%clk 1:54:48]}  h5 {[%clk 1:39:53]} 13. Bf4 {[%clk 1:51:40]}  Bd7 {[%clk 1:30:52]} 14. Rc1 {[%clk 1:41:48]}  Qa5 {[%clk 1:17:05]} 15. Nc3 {[%clk 1:36:39]}  Nxd4 {[%clk 1:15:39]} 16. Qxd4 {[%clk 1:36:48]}  Bc5 {[%clk 1:15:48]} 17. Qd2 {[%clk 1:33:29]}  Bb6 {[%clk 1:01:12]} 18. Be3 {[%clk 1:10:52]}  Rxe3 {[%clk 0:55:12]} 19. fxe3 {[%clk 1:10:59]}  Re8 {[%clk 0:54:54]} 20. Rf3 {[%clk 1:02:54]}  Bg4 {[%clk 0:50:26]} 21. Re1 {[%clk 0:56:05]}  Bxf3 {[%clk 0:44:15]} 22. exf3 {[%clk 0:56:15]}  Rxe3 {[%clk 0:44:09]} 23. Rxe3 {[%clk 0:52:49]}  d4 {[%clk 0:42:03]} 24. Kf1 {[%clk 0:48:40]}  dxe3 {[%clk 0:41:50]} 25. Qd3 {[%clk 0:45:48]}  h4 {[%clk 0:40:18]} 26. Bh3 {[%clk 0:40:23]}  hxg3 {[%clk 0:33:04]} 27. hxg3 {[%clk 0:40:32]}  Qg5 {[%clk 0:32:36]} 28. Ne2 {[%clk 0:34:28]}  Nh5 {[%clk 0:24:18]} 29. Bg4 {[%clk 0:29:18]}  Qe5 {[%clk 0:23:34]} 30. Qc3 {[%clk 0:21:08]}  Qd5 {[%clk 0:20:04]} 31. Qc8+ {[%clk 0:18:38]}  Bd8 {[%clk 0:19:32]} 32. Qd7 {[%clk 0:16:19]}  Qd2 {[%clk 0:14:19]} 33. Qe8+ {[%clk 0:12:08]}  Kh7 {[%clk 0:14:33]} 34. Bf5+ {[%clk 0:08:40]}  Kh6 {[%clk 0:14:37]} 35. Qh8+ {[%clk 0:08:22]}  Kg5 {[%clk 0:14:50]} 36. f4+ {[%clk 0:07:47]}  Nxf4 {[%clk 0:12:13]} 37. Qh4+ {[%clk 0:01:42]}  Kxf5 {[%clk 0:12:26]} 38. Qxf4+ {[%clk 0:01:55]}  Kg6 {[%clk 0:11:55]} 39. Qe4+ {[%clk 0:01:25]}  Kh6 {[%clk 0:11:53]} 40. Qc4 {[%clk 0:01:13]}  Bg5 {[%clk 0:09:52]} 41. b4 {[%clk 0:01:02]}  g6 {[%clk 0:08:22]} 42. b5 {[%clk 0:01:14]}  Qd1+ {[%clk 0:07:14]} 43. Kg2 {[%clk 0:01:28]}  Qe1 {[%clk 0:07:27]} 44. Nd4 {[%clk 0:00:51]}  Bf6 {[%clk 0:06:30]} 45. Ne2 {[%clk 0:00:58]}  Qf2+ {[%clk 0:06:29]} 46. Kh3 {[%clk 0:01:12]}  Qf1+ {[%clk 0:05:56]} 47. Kh2 {[%clk 0:01:25]}  Kg7 {[%clk 0:05:32]} 48. Qg4 {[%clk 0:01:13]}  Qf2+ {[%clk 0:05:23]} 49. Kh3 {[%clk 0:01:26]}  Be5 {[%clk 0:04:56]} 50. a4 {[%clk 0:01:21]}  f5 {[%clk 0:04:37]} 51. Qc4 {[%clk 0:01:35]}  g5 {[%clk 0:04:05]} 0-1

[Event "IM/GM Round-Robin"]
[Site "Heerlen and Maastricht"]
[Date "2024.05.16"]
[Round "2"]
[White "Kramer, Julian"]
[Black "Van Dael, Siem"]
[Result "1-0"]
[Board "5"]
[WhiteFideId "12921742"]
[BlackFideId "1049771"]
[WhiteTitle "IM"]
[BlackTitle "FM"]
[WhiteElo "2479"]
[BlackElo "2275"]
[WhiteTeam "GER"]
[BlackTeam "NED"]
[WhiteClock "0:04:36"]
[BlackClock "0:00:22"]
[Variant "Standard"]

1. e4 {[%clk 2:00:25]}  c5 {[%clk 2:00:22]} 2. Nf3 {[%clk 2:00:27]}  d6 {[%clk 2:00:29]} 3. d4 {[%clk 2:00:34]}  cxd4 {[%clk 2:00:39]} 4. Nxd4 {[%clk 2:00:45]}  Nf6 {[%clk 2:00:43]} 5. Nc3 {[%clk 2:00:55]}  a6 {[%clk 1:59:58]} 6. Be2 {[%clk 2:01:04]}  e6 {[%clk 1:59:45]} 7. Be3 {[%clk 2:01:14]}  Be7 {[%clk 1:59:41]} 8. f4 {[%clk 1:58:30]}  O-O {[%clk 1:55:32]} 9. g4 {[%clk 1:57:56]}  d5 {[%clk 1:54:18]} 10. e5 {[%clk 1:58:03]}  Ne4 {[%clk 1:54:27]} 11. Nxe4 {[%clk 1:57:42]}  dxe4 {[%clk 1:54:36]} 12. g5 {[%clk 1:40:52]}  Qc7 {[%clk 1:42:17]} 13. Qd2 {[%clk 1:37:12]}  b5 {[%clk 1:35:10]} 14. O-O-O {[%clk 1:33:57]}  Rd8 {[%clk 1:28:41]} 15. h4 {[%clk 1:30:57]}  Nc6 {[%clk 1:24:06]} 16. Qc3 {[%clk 1:29:55]}  Bb7 {[%clk 1:24:00]} 17. Nxc6 {[%clk 1:25:48]}  Qxc6 {[%clk 1:20:06]} 18. Qxc6 {[%clk 1:18:34]}  Bxc6 {[%clk 1:20:14]} 19. Rxd8+ {[%clk 1:18:34]}  Rxd8 {[%clk 1:20:05]} 20. c3 {[%clk 1:18:36]}  Bd5 {[%clk 1:17:40]} 21. Kc2 {[%clk 1:17:01]}  Bc6 {[%clk 1:04:25]} 22. Bd4 {[%clk 1:02:06]}  a5 {[%clk 0:46:39]} 23. Rd1 {[%clk 0:53:12]}  Rb8 {[%clk 0:42:29]} 24. Kd2 {[%clk 0:50:17]}  h6 {[%clk 0:38:07]} 25. Ke3 {[%clk 0:42:28]}  hxg5 {[%clk 0:38:04]} 26. hxg5 {[%clk 0:41:39]}  g6 {[%clk 0:37:54]} 27. Rh1 {[%clk 0:38:26]}  Kg7 {[%clk 0:25:29]} 28. Bd1 {[%clk 0:36:16]}  Bd5 {[%clk 0:11:06]} 29. Bb3 {[%clk 0:33:18]}  Bxb3 {[%clk 0:05:47]} 30. axb3 {[%clk 0:33:28]}  a4 {[%clk 0:05:57]} 31. bxa4 {[%clk 0:25:52]}  bxa4 {[%clk 0:06:07]} 32. Ra1 {[%clk 0:26:04]}  Rxb2 {[%clk 0:03:45]} 33. Rxa4 {[%clk 0:26:15]}  Rb8 {[%clk 0:03:46]} 34. Kxe4 {[%clk 0:25:52]}  Kf8 {[%clk 0:03:31]} 35. Ra7 {[%clk 0:24:10]}  Ke8 {[%clk 0:03:28]} 36. Kd3 {[%clk 0:24:05]}  Rc8 {[%clk 0:03:26]} 37. Rb7 {[%clk 0:20:09]}  Rd8 {[%clk 0:02:30]} 38. Kc4 {[%clk 0:18:57]}  Rd7 {[%clk 0:02:44]} 39. Rb1 {[%clk 0:17:42]}  Rd5 {[%clk 0:02:34]} 40. Ra1 {[%clk 0:16:34]}  Rd8 {[%clk 0:02:28]} 41. Kb5 {[%clk 0:16:02]}  Rb8+ {[%clk 0:02:26]} 42. Bb6 {[%clk 0:14:44]}  Bd8 {[%clk 0:01:16]} 43. Ra6 {[%clk 0:14:55]}  Bxb6 {[%clk 0:01:14]} 44. Rxb6 {[%clk 0:15:06]}  Ra8 {[%clk 0:01:29]} 45. Rd6 {[%clk 0:13:52]}  Rb8+ {[%clk 0:01:27]} 46. Kc5 {[%clk 0:13:53]}  Rc8+ {[%clk 0:01:04]} 47. Kd4 {[%clk 0:13:57]}  Rb8 {[%clk 0:01:08]} 48. c4 {[%clk 0:14:06]}  Ke7 {[%clk 0:01:14]} 49. Kc3 {[%clk 0:13:53]}  Rb1 {[%clk 0:01:24]} 50. Rd4 {[%clk 0:13:51]}  Rc1+ {[%clk 0:00:54]} 51. Kb4 {[%clk 0:13:59]}  Rb1+ {[%clk 0:01:07]} 52. Kc5 {[%clk 0:13:46]}  Rb8 {[%clk 0:01:17]} 53. Kc6 {[%clk 0:13:54]}  Rb4 {[%clk 0:00:27]} 54. Kc5 {[%clk 0:06:46]}  Rb8 {[%clk 0:00:41]} 55. Rd2 {[%clk 0:06:45]}  Rc8+ {[%clk 0:00:54]} 56. Kb4 {[%clk 0:05:51]}  Rb8+ {[%clk 0:01:08]} 57. Kc3 {[%clk 0:05:59]}  Rc8 {[%clk 0:01:21]} 58. Rd6 {[%clk 0:06:10]}  Ke8 {[%clk 0:01:11]} 59. Kd4 {[%clk 0:04:11]}  Rb8 {[%clk 0:01:25]} 60. c5 {[%clk 0:04:04]}  Rb4+ {[%clk 0:00:54]} 61. Kc3 {[%clk 0:04:16]}  Rb1 {[%clk 0:01:08]} 62. Rd4 {[%clk 0:04:00]}  Rc1+ {[%clk 0:01:10]} 63. Kb4 {[%clk 0:04:12]}  Rb1+ {[%clk 0:01:23]} 64. Ka5 {[%clk 0:04:22]}  Rc1 {[%clk 0:01:20]} 65. Kb6 {[%clk 0:04:33]}  Ke7 {[%clk 0:00:53]} 66. c6 {[%clk 0:04:41]}  Rb1+ {[%clk 0:01:00]} 67. Kc7 {[%clk 0:04:37]}  Rb2 {[%clk 0:00:59]} 68. Kc8 {[%clk 0:04:48]}  Rb1 {[%clk 0:01:06]} 69. c7 {[%clk 0:04:33]}  Rb2 {[%clk 0:00:53]} 70. Ra4 {[%clk 0:04:44]}  Rh2 {[%clk 0:00:36]} 71. Ra6 {[%clk 0:04:16]}  Rb2 {[%clk 0:00:25]} 72. Ra7 {[%clk 0:04:26]}  Rb3 {[%clk 0:00:22]} 73. Rb7 {[%clk 0:04:36]} 1-0